100 Seven Letter Cities - Around The World - Statistics

General Stats
  • This quiz has been taken 47 times
  • The average score is 65 of 100
Answer Stats
Hint Answer % Correct
The capital city of Lithuania is Vilnius
98%
... is the capital city of Algeria Algiers
95%
The capital city of Costa Rica is San Jose
95%
... is the capital city of Estonia Tallinn
95%
... is the capital city of Venezuela Caracas
93%
The most populous city in Scotland is also the third largest city in the United Kingdom Glasgow
93%
This largest city in Indonesia is formerly known as "Batavia" Jakarta
93%
The largest city in Kenya is derived from the Maasai phrase which means "place of cool waters", a reference to the river which flows through the city Nairobi
93%
... is the capital city of Iraq Baghdad
90%
The capital city of China is formerly known as "Peking" Beijing
90%
"The Windy City" is the number three most populous city in the United States after NYC and LA Chicago
90%
"The Motor City" and "Motown" are the nicknames for Detroit
90%
Times Square, UN HQ, Liberty Statue, and Central Park are located at New York
90%
... is the capital city of Libya Tripoli
90%
Formerly known as "Calcutta" Kolkata
88%
"Lefkosa" is the other name of this largest city in Cyprus Nicosia
88%
Puerto Rico's Capital city is San Juan
88%
The fourth most populous city in North America and The largest city in Canada Toronto
88%
When you put the word "Los" in the front, this city in Philipines becomes the city of Hollywood Angeles
85%
RMS Titanic ship was built in this capital city and principal port of Northern Ireland Belfast
85%
Kyrgystan's Capital city is Bishkek
85%
"Detroit of India" and "Madras" are the nickname and former name respectively for Chennai
85%
The largest city in Sri Lanka is Colombo
85%
The largest city in Hokkaido and The fifth most populous city in Japan Sapporo
85%
The largest city in Andalusia region and the fourth-largest city in Spain Seville
85%
The capital city of Armenia is Yerevan
85%
In Welsh language, this city is called Caerdydd Cardiff
83%
Serves as the economic, financial and cultural centre, this city is also the capital city and the largest city in Guinea Conakry
83%
... is the capital and the largest city in Uganda Kampala
83%
the capital city of Nicaragua is Managua
83%
Kakha Kaladze is a former AC Milan player from 2000s who was born in this largest city in Georgia Tbilisi
83%
Despite being the 2nd largest city, it's now a capital city of Cameroon Yaounde
83%
This second largest city in Nebraska state is named after the 16th president of United States whose first name is Abraham Lincoln
80%
After Nashville, ... is the second largest city in Tennessee state Memphis
80%
The name of the city in Portuguese language means "Saint Thomas", founded in the 15th century, this city is one of Africa's oldest colonial cities Sao Tome
80%
"Krung Thep" is the other name for Bangkok
78%
The 7th largest city in Italy is famous for meat-based pasta sauce Bologna
78%
.... is the third largest city in Canada located at Alberta province Calgary
78%
This city named after an American general and statesman who played a prominent role in the Texas Revolution in 1832 Houston
78%
One of the largest cities in the Mediterranean is also Sicily's cultural, economic and tourism capital Palermo
78%
Hartsfield–Jackson International Airport, the world's busiest airport is named after two Mayors, William B. Hartsfield and Maynard Jackson and located at Atlanta
76%
The 7th largest city in European Union and also the 2nd largest city in Germany Hamburg
76%
Kiev is the largest city in Ukraine, followed by Kharkiv
76%
The capital city of Seychelles is Victoria
76%
Didier Drogba is the former Chelsea player from 2004 until 2012 who was born at this largest city in Ivory Coast Abidjan
73%
The Capital city of Solomon Islands is Honiara
73%
The 4th most populous city in China and capital city in Sichuan province Chengdu
71%
This 12th largest city in the world is the capital city of Pakistan Karachi
71%
... is the capital city of Bhutan Thimphu
71%
This 7th most populous city in China is located on the shore of the Bohai Sea Tianjin
71%
... is the fourth largest city in Netherlands Utrecht
71%
The fourth largest city in Indonesia and capital city of West Java province Bandung
68%
The second largest city in kenya is also the largest port in East Africa Mombasa
68%
Papago Park is located at this fifth most populous city in the United States Phoenix
68%
"Gateway to Mexico" is a nickname for the most populous city of the Mexican state of Baja California Tijuana
68%
The fifth largest city in Ukraine is also the centre of for coal mining and for the steel industry Donetsk
66%
The sixth-largest city in Japan is 180 km away from Busan, South Korea Fukuoka
66%
Situated in Yangtze river delta, this city is the capital city of Jiangsu province, China Nanjing
66%
The birthplace of Wolfgang Amadeus Mozart Salzburg
66%
Boeing Airline company was founded in 1916 at .... and its main Headquarters in Crystal City, Virginia Seattle
66%
This second largest city in Bulgaria joined the UNESCO Global Network of Learning Cities in 2016 Plovdiv
63%
After Helsinki and Espoo, .... is the third largest city in Finland Tampere
63%
The second largest city of Wales and the 28th largest city in the United Kingdom Swansea
61%
This city held a Summer Olympic event in 1920 Antwerp
59%
This city derives from the Anglo-Saxon, Brycgstow, meaning "site of the bridge" Bristol
59%
Manzana Jesuítica was declared in 2000 as a World Heritage Site by UNESCO is located at Cordoba
59%
Naqsh-e Jahan Square is one of the largest city squares in the world, and a UNESCO World Heritage Site, located in the third-largest city in Iran Isfahan
59%
Lobamba is a legislative capital city of Eswatini, where .... is a Executive capital city of Eswatini Mbabane
59%
Benin's capital city is Cotonou
56%
This Argentinian city is also the other name for Taiwan Formosa
56%
The second most populous city in Iran and it's 900 km away from Tehran Mashhad
56%
Known as Santow and located in Guangdong province, China Shantou
56%
... is the capital city of French Polynesia Papeete
51%
... is a major seaport and naval base, as well as a commercial and financial center in Shandong province, China Qingdao
51%
The third largest city in United Arab Emirates is Sharjah
51%
The fifth-largest city in Turkey and the largest city in the Mediterranean Region Antalya
49%
... is the capital and the largest city of the Indian state of Uttar Pradesh and the 11th most populous city in India Lucknow
49%
The third largest city in Czech Republic lies 15 km from the border with Poland Ostrava
49%
In greek word, This third largest city in Cyprus literally means "ladder" Larnaca
46%
The largest city in Santa Fe province, Argentina is located 300 km northwest of Buenos Aires Rosario
46%
The hometown of the original member and former member Korean idol group Iz*One, An Yu-jin Daejeon
41%
.... is the capital of the Guangxi Region, China and known as the "Green City" because of its abundance of lush subtropical foliage Nanning
41%
After Jaipur, this city is the second-largest city of the north-western Indian state of Rajasthan Jodhpur
39%
... is the second-largest city in Chonburi province and the eighth-largest city in Thailand Pattaya
37%
.... is the political, economic, cultural, and international exchange center and capital city of Shanxi Province, China Taiyuan
37%
The hometown of the first Venezuelan Formula One driver, Pastor Maldonado Maracay
34%
The capital and largest city of the Brazilian state of Maranhão as well as number 15 for the most populous city in Brazil Sao Luis
34%
The hometown of the gold medalist in 2020 Summer Olympics Archer, An San Gwangju
32%
The capital and the most populous city in the state of Sarawak in Malaysia is Kuching
29%
This malaysian city was proposed for a bridge project that will connect to Dumai, Indonesia Malacca
29%
Named after river, this city is the 25th largest population in Russia Irkutsk
27%
... is a port city in Victoria, Australia and about 75 km (47 mi) southwest of Melbourne Geelong
24%
The birthplace of the Filmmaker for the latest James Bond movies (No time to Die), Cary Joji Fukunaga Oakland
17%
Comes from the name of the Mongolian tribe Sugaut, this city is the second largest in Azerbaijan Sumgait
17%
This Fijian city is given nickname as "Sugar City" because of sugar cane-growing region and derived from two Fijian words meaning "spear hit" Lautoka
15%
In the 14th century, Māori first settled in this 13th largest city in New Zealand Rotorua
12%
The hometown of one of the original member of F4 group, Jerry Yan Taoyuan
12%
This city in Liaoning province is facing Sinuiju, North Korea, across the Yalu River, making the 6th largest transborder agglomeration in Asian continent Dandong
7%
... is the capital city of South-East Sulawesi province, Indonesia Kendari
7%
Krakatau Steel Company has a main Headquarter at this major coastal industrial city in Banten province, Indonesia Cilegon
2%
No matching quizzes found
Score Distribution
Percent of People with Each Score
Percentile by Number Answered
Your Score History
You have not taken this quiz